000 00302nam a2200121Ia 4500
008 190216s9999||||xx |||||||||||||| ||und||
100 _aMundoor Krishnan Kutty
245 0 _aNilapishukkulla Oru Rathriyil
260 _bPoorna Pubs Kozhikode
300 _a121
650 _aKathakal
942 _cBK
999 _c28146
_d28146